Semiconductors teehnical information & characteristic data for students (Record no. 6402)

000 -LEADER
fixed length control field 00570nam a2200205 4500
001 - CONTROL NUMBER
control field 6402
003 - CONTROL NUMBER IDENTIFIER
control field BD-DhUET
008 - FIXED-LENGTH DATA ELEMENTS--GENERAL INFORMATION
fixed length control field 141202b/xxu||||| |||| 00| 0 eng d
020 ## - INTERNATIONAL STANDARD BOOK NUMBER
International Standard Book Number 3800915677
040 ## - CATALOGING SOURCE
Original cataloging agency DLC
Transcribing agency DLC
Modifying agency BD-DhUET
082 ## - DEWEY DECIMAL CLASSIFICATION NUMBER
Classification number 623.815
Item number SIE/1990
110 ## - MAIN ENTRY--CORPORATE NAME
Corporate name or jurisdiction name as entry element siemens akticngesellscaft
245 ## - TITLE STATEMENT
Title Semiconductors teehnical information & characteristic data for students
250 ## - EDITION STATEMENT
Edition statement 1st ed.
260 ## - PUBLICATION, DISTRIBUTION, ETC. (IMPRINT)
Place of publication, distribution, etc. Berlin
Name of publisher, distributor, etc. siemens akticngesellscaft
Date of publication, distribution, etc. 1990
300 ## - PHYSICAL DESCRIPTION
Extent 249 p.
504 ## - BIBLIOGRAPHY, ETC. NOTE
Bibliography, etc includes bibliographies
650 #0 - SUBJECT ADDED ENTRY--TOPICAL TERM
Topical term or geographic name as entry element Semiconductors-Electronics
942 ## - ADDED ENTRY ELEMENTS (KOHA)
Koha item type Corporate Publication
Holdings
Lost status Withdrawn status Copy number Location (home branch) Source of classification or shelving scheme Price effective from Not for loan Sublocation or collection (holding branch) Piece designation (barcode) Shelving location Koha item type Damaged status Koha date last seen Koha full call number Koha normalized classification for sorting Date acquired
  1Central Library, BUET 2014-12-02 Central Library, BUET85368Circulation sectionCorporate Publication 2014-12-02623.815/SIE/1990623_815000000000000_SIE_19902014-12-02
  2Central Library, BUET 2014-12-02 Central Library, BUET85367Circulation sectionCorporate Publication 2014-12-02623.815/SIE/1990623_000000000000000_815SIE19902014-12-02
  1Central Library, BUET 2014-12-11 Central Library, BUET85369Circulation sectionGeneral Book 2014-12-11623.815 SIE/1990623_815000000000000_SIE19902014-12-11
  2Central Library, BUET 2014-12-11 Central Library, BUET85366Circulation sectionGeneral Book 2014-12-11623.815 SIE/1990623_815000000000000_SIE19902014-12-11